ၵျၢမ်းၼႄတၢင်းၼိပ်ႉပၢၼ်ႇ / (Record no. 26149)

000 -LEADER
fixed length control field 00683nam a22002177a 4500
003 - CONTROL NUMBER IDENTIFIER
control field OSt
005 - DATE AND TIME OF LATEST TRANSACTION
control field 20260128093948.0
008 - FIXED-LENGTH DATA ELEMENTS--GENERAL INFORMATION
fixed length control field 230622b ||||| |||| 00| 0 eng d
040 ## - CATALOGING SOURCE
Transcribing agency SSBUL
041 ## - LANGUAGE CODE
Language code of text/sound track or separate title Shan
082 ## - DEWEY DECIMAL CLASSIFICATION NUMBER
Edition number 23
Classification number 294.38241
100 0# - MAIN ENTRY--PERSONAL NAME
Personal name ဝေႃးလၶေႉ၊
Titles and words associated with a name ၸဝ်ႈၸရေး။
245 10 - TITLE STATEMENT
Title ၵျၢမ်းၼႄတၢင်းၼိပ်ႉပၢၼ်ႇ /
260 ## - PUBLICATION, DISTRIBUTION, ETC.
Date of publication, distribution, etc. 1962 ။
300 ## - PHYSICAL DESCRIPTION
Extent 363 ၼႃႈ၊
Dimensions 24 ၸိၼ်ႇတီႇ။
500 ## - GENERAL NOTE
General note S-SAT: Dr. Prof Sai Aung Tun
650 ## - SUBJECT ADDED ENTRY--TOPICAL TERM
Topical term or geographic name entry element ပုတ်ႉထၽႃႇသႃႇ - ၼိပ်ႉပၢၼ်ႇ
942 ## - ADDED ENTRY ELEMENTS (KOHA)
Koha item type Books (Long term)
100 0# - MAIN ENTRY--PERSONAL NAME
9 (RLIN) 26509
650 ## - SUBJECT ADDED ENTRY--TOPICAL TERM
9 (RLIN) 26510
Source of classification or shelving scheme
Source of classification or shelving scheme
Holdings
Withdrawn status Lost status Source of classification or shelving scheme Damaged status Not for loan Collection Code Permanent Location Current Location Shelving location Date acquired Total Checkouts Full call number Barcode Date last seen Date last checked out Copy number Price effective from Koha item type Accession
          Tai Collection Shan State Buddhist University Library Shan State Buddhist University Library Tai Shelves 22/06/2023 1 294.38241 ဝေႃး ႕႑႑(1) SH00000511 23/06/2025 28/12/2023 1 22/06/2023 Books (Long term) ႕႑႑(1)
          Special Collections Shan State Buddhist University Library Shan State Buddhist University Library Special Collection Shelves 22/06/2023   294.38241 ဝေႃး ႑႗႒႖ S-SAT SH00001726 22/06/2023     22/06/2023 Book (Short term) ႑႗႒႖ S-SAT
          Tai Collection Shan State Buddhist University Library Shan State Buddhist University Library Tai Shelves 07/08/2023 2 294.38241 ဝေႃး ႓႔႔႙(2) SH00003449 20/05/2025 13/05/2025 2 07/08/2023 Books (Long term) ႓႔႔႙(2)

Library - 09407999929
Admin Office - 09407999979
Dean Office - 09250910768
Registrar Office - 09892297154
Email - [email protected]
Shan State Buddhist University, Phaya Phyu Taunggyi, Shan State, Myanmar.